| 000 | 00773cam a2200241 a 4500 | ||
|---|---|---|---|
| 001 | 000019186 | ||
| 005 | 20260520104306.0 | ||
| 008 | 820923s1981 ve b 001 0 spa d | ||
| 040 |
_aDO-SdBNP _cDLC _dDLC _dBNPHU |
||
| 043 |
_as-ve--- _anwcu--- |
||
| 082 |
_a927.8707291 _bP852v |
||
| 100 | 1 |
_aPortillo, Julio, _d1944- _916192 |
|
| 245 | 1 | 0 |
_aVenezuela-Cuba : _brelaciones diplomáticas, 1902-1980 / _cJulio Portillo. |
| 260 |
_aCaracas : _bArte, _c1981. |
||
| 300 |
_a174 p. ; _c23 cm. |
||
| 504 | _aBibliografía: p. 159-161. | ||
| 651 | 4 |
_aVenezuela _xRelaciones Exteriores _929309 |
|
| 651 | 4 |
_aCuba _xRelaciones Exteriores _94679 |
|
| 650 | 0 |
_aRelaciones internacionales _9399 |
|
| 650 | 0 |
_aDiplomacia _9398 |
|
| 910 | _aCatalogación derivada / LC | ||
| 049 | _aBNGR | ||
| 999 |
_c18704 _d18704 |
||